000 00319nam a2200109Ia 4500
008 171211s9999 xx 000 0 und d
245 _aYodel in Hi-Fi: From Kitsch Folk to Contemporary Electronica
245 _cBart Plantenga
260 _c2012
650 _xART
856 _uhttp://down.ebook777.com/061/0299290549.pdf
999 _c348597
_d348597